• 首页
  • 本馆介绍
  • 公告通知
  • 最新文献
  • 馆藏检索
  • 电子资源
  • 读者导购
  • 参考咨询
  • 我的图书馆
  • 登录
  • 详细信息显示
  • 放入我的书架
  • 预约/预借图书
  • 作者相关作品
  • 分类相关作品
  • 丛书相关作品
  • 出版社相关作品

书目信息

  • 表格格式
  • 工作单格式
  • 卡片格式
题名:
盐铁论
    
 
作者: 桓宽 编著
分册: 一  
出版信息:   思贤讲舍  光绪辛卯年(1891)
页数: 1册
开本: 25*15cm
丛书名:
单 册:
中图分类: F092.2
科图分类:
主题词: 经济思想史--中国--西汉
电子资源:
ISBN:
000 00567nam0 2200205 450
001 0639093313
005 20061019105901.93
010    @b线装@dCNY2.00(函)
100    @a20061019d km y0chiy0120 ea
101 0  @achi
200 1  @a盐铁论@Ayan tie lun@h一@f(西汉)桓宽编著@F(xi han)huan kuan bian zhu
210    @c思贤讲舍@d光绪辛卯年(1891)
215    @a1册@d25*15cm
300    @a水浸,虫蛀
300    @a两册一函
606 0  @a经济思想史@y中国@z西汉
690    @aF092.2@v3
701  0 @a桓宽@Ahuan kuan@4编著
801  0 @aCN@bPFT@c20061019
905    @a10447@dF092.2@e2:1
    
    盐铁论.一/(西汉)桓宽编著.-思贤讲舍,光绪辛卯年(1891)
    1册;25*15cm
    水浸,虫蛀.-两册一函
    
    ISBN (线装):CNY2.00(函)
    
●
相关链接 在E读中查询图书 在五车中查询图书 在当当中查询图书 在豆瓣中查询图书


正题名:盐铁论     索取号:F092.2/2:1         预约/预借

序号 登录号 条形码 馆藏地/架位号 状态 备注
1 0265399   202406583   古籍典藏专区/ [索取号:F092.2/2:1] 在馆    
唐山师范学院图书馆 欢迎您!
大连网信软件有限公司© 版权所有